| 000 | 00000nam##2200000za#4500 |
| 001 | 9.636375 |
| 003 | CaOODSP |
| 005 | 20210624220716 |
| 007 | cr ||||||||||| |
| 008 | 150407|2009||||xxc|||||o f|0| 0 fre|d |
| 020 | |a978-1-100-91431-2 |
| 040 | |aCaOODSP|bfre |
| 043 | |an-cn--- |
| 086 | 1 |aEn4-111/1-2009F-PDF |
| 110 | 1 |aCanada. |bEnvironnement Canada. |
| 245 | 10|aOpération floraison, guide de l'enseignant / |h[ressource électronique]|cpar Elisabeth Beaubien. |
| 260 | |aOttawa - Ontario : |bEnvironnement Canada |cc2009. |
| 300 | |a174p.|bill., tableaux, photographies |
| 500 | |a«Version originale c2001.» |
| 590 | |a12-24-Supp|b2012-05-30 |
| 691 | 07|aPlante|2gcpds |
| 720 | 1 |aBeaubien, Elisabeth |
| 775 | 08|tPlant watch teacher's guide / |w(CaOODSP)9.692125 |
| 856 | 40|ahttp://publications.gc.ca|qPDF|s7.66 Mo|uhttps://publications.gc.ca/collections/collection_2012/ec/En4-111-1-2009-fra.pdf |